000
00299nam a22001337a 4500
008
171113b xxu||||| |||| 00| 0 eng d
020
_a
0256026890
041
_a
eng
080
_a
331.101.262
100
_a
52
101
_a
BNJ
245
_a
ORGANIZATION DEVELOPMENT
_c
FRENCH,W.L
942
_2
udc
_c
BK
999
_c
38269
_d
38269